| 000 | 00660nam a2200205 a 4500 | ||
|---|---|---|---|
| 005 | 20210223131050.0 | ||
| 008 | 090807s2004 mx r 000 0 spa d | ||
| 020 | _a9687723874 | ||
| 035 | _aUPN01000171758 | ||
| 049 | _aCG | ||
| 050 | 4 |
_aPN55 _bCH5.4 2004 |
|
| 100 | 1 |
_aChimal, Carlos, _d1954- _932584 |
|
| 245 | 1 | 0 |
_aLuz interior : _bconversaciones sobre ciencias y literatura / _cCarlos Chimal. |
| 250 | _a2a ed. | ||
| 260 |
_aMéxico : _bUNAM, Dirección General de Divulgación de la Ciencia : _bTusquets, _c2004. |
||
| 300 | _a352 p. | ||
| 440 | 0 |
_aMetatemas. _pLibros para pensar la ciencia |
|
| 650 | 4 |
_aLITERATURA Y CIENCIA _914298 |
|
| 905 | _aLibro | ||
| 999 |
_c143862 _d143862 |
||